000 00367nam a2200145Ia 4500
008 210210b1975 xxu||||| |||| 00| 0 eng d
082 _a792.0973 DOWA
100 _aDOWNER (Alan S), Ed.
245 _aAmerican theater.
260 _aWashington.
_bVoice of America.,
_c1975
300 _avi,221
650 _aAmerican Theater
690 _aTheatr
906 _a03201
999 _c83282
_d83282